000 00649nam a22002417a 4500
003 OSt
005 20210426102922.0
008 210120s2007 ||||| |||| 00| 0 eng d
020 _a9780061254611
020 _a0061254614
040 _aeng
_beng
_cDLC
041 _aeng
080 _a7
_bB-87
100 _9669
_aBrockes, Emma
245 _aWhat would Barbara Do?
_b: How Musicals Changed my Life
_c/ by: HarperCollins Publishers
250 _a1st edition
260 _aNew York
_bHarperCollins Publishers
_c2007
300 _a270 p.
365 _b22.95 usd
650 0 _9447
_aArt
653 _aხელოვნება
942 _2udc
_cBK
_e1
999 _c906
_d906